Statistics for Country Flags with the Most Stripes - Picture Quiz

Click here to take the quiz!

General Stats

  • This quiz has been taken 7,921 times
  • The average score is 6 of 7

Answer Stats

Answer % Correct
United States
100%
Greece
97%
Malaysia
88%
Uruguay
88%
Liberia
71%
Uganda
70%
Zimbabwe
62%

Score Distribution

Percentile by Number Answered

Percent of People with Each Score

Your Score History

You have not taken this quiz